00311nam a2200133Ia 4500003000400000005001700004008004100021020001900062040000900081100002100090245003500111260002200146260000900168OSt20240228115559.0170524s9999 xx 000 0 und d a978-0582552074 cIIMT aQuirk - Randolph 2aA University German of English bPearson Education c1973